00675nam a2200241 a 4500001001300000003000900013005001700022008004100039020000900080082001700089100002000106245003200126260004200158300000900200500003500209505001000244650002000254700002000274902000800294942000700302952010900309999001500418nice12345678IN_TiNIC20260116012528.0050524s1974 dela grp 000 0 eng  ac8400a297.454bSEN aSen, Kshtimohan aMedieval Mysticism of India aDelhibMunshiram Manoharlal Pubc1974 a241p aincludes index and biblioraphy2 aIndex aMysticism-India1 aSen, Kshtimohan bSRS cBK 00104070aHMIbHMId2007-07-03g84.00l2o297.454 SENp014981r2017-11-20s2017-11-09w2026-01-16yEB c7370d7370